How I Met Your Mother Best Quiz - Statistics

General Stats
  • This quiz has been taken 292 times
  • The average score is 8 of 21
Answer Stats
Hint Answer % Correct
The name of the bar Barney and Ted create Puzzles
85%
Who is Lily's high school boyfriend? Scooter
74%
What coworker does Barney use to get Robin jealous? Patrice
68%
What's the name of Ted's wife? Tracy
68%
Event gang goes to once every year Robots Vs. Wrestlers
65%
What was Robin's doppleganger? Lesbian Robin
61%
Who leaves Robin for a job in Chicago after turning it down herself? Don
53%
Who does Lily have dirty dreams about? Ranjit
49%
What class does Ted mistakingly teach? Econ 305
39%
What's the secret about marshall's co worker Jenkins? She's a girl
38%
Occupation Lily's dad did while living with Lily&Marshall Beekeeper
35%
What is the name of Marshall's boss's dog? Tugboat
35%
What was the name of Robin's teenage boyfriend? Simon
30%
What celebrity do they search for the best burger in New York with? Regis Philbin
28%
Who is the mother of Barney's daughter? Number 31
27%
What play does Barney really want to run from his playbook? Weekend at Barneys
22%
Who's Barney's childhood hero? Billy Zabka
17%
What form of transportation Ted and Barney ride to pick up girls? The drunk train
15%
What does ted call the people at GNB? Weiners and Gonads
14%
Whom does the gang have conflicting views about? Gary Blauman
13%
What's Lily's biggest secret? Her debt
2%
No matching quizzes found
Score Distribution
Percent of People with Each Score
Percentile by Number Answered
Your Score History
You have not taken this quiz